Perempuan Yang Baik-Baik Dalam Al-Quran (Record no. 4946)

000 -LEADER
fixed length control field 00582nam a22001937a 4500
005 - DATE AND TIME OF LATEST TRANSACTION
control field 20220420091523.0
008 - FIXED-LENGTH DATA ELEMENTS--GENERAL INFORMATION
fixed length control field 220420b2 m ||||| |||| 00| 0 m d
020 00 - INTERNATIONAL STANDARD BOOK NUMBER
International Standard Book Number 9789832423782
Terms of availability RM 35.00
040 ## - CATALOGING SOURCE
Original cataloging agency AKMAL
082 00 - DEWEY DECIMAL CLASSIFICATION NUMBER
Classification number 297.57082 SYA
090 00 - LOCALLY ASSIGNED LC-TYPE CALL NUMBER (OCLC); LOCAL CALL NUMBER (RLIN)
Classification number (OCLC) (R) ; Classification number, CALL (RLIN) (NR) 297.57082
Local cutter number (OCLC) ; Book number/undivided call number, CALL (RLIN) SYA
100 ## - MAIN ENTRY--PERSONAL NAME
Personal name Syaari Ab. Rahman
9 (RLIN) 9420
245 10 - TITLE STATEMENT
Title Perempuan Yang Baik-Baik Dalam Al-Quran
Statement of responsibility, etc. Syaari Ab. Rahman
260 00 - PUBLICATION, DISTRIBUTION, ETC.
Place of publication, distribution, etc. Selangor
Name of publisher, distributor, etc. Iman Publication Sdn. Bhd
Date of publication, distribution, etc. 2020
300 ## - PHYSICAL DESCRIPTION
Extent 322 pg
Other physical details ill
Dimensions 21cm
650 00 - SUBJECT ADDED ENTRY--TOPICAL TERM
Topical term or geographic name entry element Women In Islam
9 (RLIN) 9421
650 00 - SUBJECT ADDED ENTRY--TOPICAL TERM
Topical term or geographic name entry element Muslim Women
General subdivision Conduct of life
9 (RLIN) 9422
942 ## - ADDED ENTRY ELEMENTS (KOHA)
Source of classification or shelving scheme
Koha item type Book
Holdings
Withdrawn status Lost status Source of classification or shelving scheme Damaged status Not for loan Collection code Home library Current library Shelving location Date acquired Inventory number Total Checkouts Total Renewals Full call number Barcode Date last seen Date last checked out Price effective from Koha item type
          NON-FICTION AKMAL Melaka AKMAL Melaka PINJAMAN 20.04.2022 011480 3 1 297.57082 SYA 201708126 31.07.2025 09.07.2025 20.04.2022 Book
Pusat Sumber Maklumat Dato' Haji Sarmin Md Hussin, Akademi Kastam Diraja Malaysia, Melaka
Tel: 06-2331106 | Faks: 06-2313787